WOHA. New forms of sustainable architecture / (Record no. 6192)

MARC details
000 -LEADER
fixed length control field 03647cam a22004817 4500
001 - CONTROL NUMBER
control field t9g67gv2r7rm9d4g
003 - CONTROL NUMBER IDENTIFIER
control field LIBRIS
005 - DATE AND TIME OF LATEST TRANSACTION
control field 20231018065335.0
008 - FIXED-LENGTH DATA ELEMENTS--GENERAL INFORMATION
fixed length control field 230302s2022 xxk|||||||||||000 0|eng|d
015 ## - NATIONAL BIBLIOGRAPHY NUMBER
National bibliography number GBC2A2530
Source bnb
016 7# - NATIONAL BIBLIOGRAPHIC AGENCY CONTROL NUMBER
Record control number 020640962
Source Uk
020 ## - INTERNATIONAL STANDARD BOOK NUMBER
International Standard Book Number 9780500025307
020 ## - INTERNATIONAL STANDARD BOOK NUMBER
International Standard Book Number 0500025304
035 ## - SYSTEM CONTROL NUMBER
System control number (OCoLC)on1329224823
040 ## - CATALOGING SOURCE
Original cataloging agency Laib
Language of cataloging eng
Transcribing agency ERASA
Modifying agency UKMGB
-- OCLCF
-- NZAUC
-- NETUE
-- Laib
041 ## - LANGUAGE CODE
Language code of text/sound track or separate title eng
050 #4 - LIBRARY OF CONGRESS CALL NUMBER
Classification number NA680
082 04 - DEWEY DECIMAL CLASSIFICATION NUMBER
Classification number 720.47 B22 2022
Edition number 23/swe
084 ## - OTHER CLASSIFICATION NUMBER
Classification number Ic
Number source kssb/8 (machine generated)
100 1# - MAIN ENTRY--PERSONAL NAME
Personal name Bingham-Hall, Patrick.
245 10 - TITLE STATEMENT
Title WOHA. New forms of sustainable architecture /
Statement of responsibility, etc. Patrick Bingham-Hall; essays by Nirmal Kishnani and Timothy Beatley.
264 #1 - PRODUCTION, PUBLICATION, DISTRIBUTION, MANUFACTURE, AND COPYRIGHT NOTICE
Place of production, publication, distribution, manufacture London :
Name of producer, publisher, distributor, manufacturer Thames & Hudson Ltd.
Date of production, publication, distribution, manufacture, or copyright notice 2022
300 ## - PHYSICAL DESCRIPTION
Extent 319 p.
Other physical details illustrated
Dimensions 28 cm.
336 ## - CONTENT TYPE
Content type term text
Content type code txt
Source rdacontent
336 ## - CONTENT TYPE
Content type term still image
Content type code sti
Source rdacontent
337 ## - MEDIA TYPE
Media type term unmediated
Media type code n
Source rdamedia
338 ## - CARRIER TYPE
Carrier type term volume
Carrier type code nc
Source rdacarrier
505 8# - FORMATTED CONTENTS NOTE
Formatted contents note Virtuous architecture -- Wong Mum Summ and Richard Hassell -- WOHA's residential architecture: rigour and certitude -- WOHA at the turn of the millennium -- Sky cities and towers of green -- A new way of building in the Tropics: the first decade of public architecture -- Aesthetics and sustainability -- Macro-architecture micro-urbanism -- Building for the world: a second decade of public architecture -- Garden City mega city: rethinking cities for the age of global warming -- Scaling up and up: designing cities of the future -- Regenerating cities -- Converge + connect + intersect. The Form Axiom / Nirmal Kishani -- Buildings that bloom, cities that regenerate and flourish / Timothy Beatley -- Projects.
520 8# - SUMMARY, ETC.
Summary, etc. WOHA is at the vanguard of urban and ecological revitalization in Singapore and a pioneer of Southeast Asia's green-building revolution. Founded by Wong Mun Summ and Richard Hassell in 1994, Singapore's most dynamic architecture studio is known for delivering innovative and sustainable design solutions to combat the challenges of climate change, biodiversity loss, and urbanization. 00Even within Singapore's leading-edge architecture scene, WOHA have broken new ground, and they are continuing to do so in our rapidly expanding cities where far-sighted thinking is imperative to sustainable and sociable development. Its projects stretch from Singapore to Bangladesh, China and Australia, where the practice's ambitions are being realized in works like the self-sufficient Punggol Digital District in Singapore.00This complete overview documents WOHA's pioneering sustainable and built work, with important ongoing projects followed by a listed chronology. It is a timely assessment of the practical realization of WOHA's theories and principles, and the environmental responsibilities now shouldered by architects and urban planners worldwide.
610 20 - SUBJECT ADDED ENTRY--CORPORATE NAME
Corporate name or jurisdiction name as entry element WOHA (Firm)
610 27 - SUBJECT ADDED ENTRY--CORPORATE NAME
Corporate name or jurisdiction name as entry element WOHA (Firm)
Source of heading or term fast
650 #7 - SUBJECT ADDED ENTRY--TOPICAL TERM
Topical term or geographic name entry element Architecture -- Environmental aspects -- Case studies | Sustainable development
General subdivision milj�aspekter
Authority record control number or standard number https://id.kb.se/term/sao/Arkitektur--milj%C3%B6aspekter
Source of heading or term sao
Geographic subdivision Sustainable development
650 #0 - SUBJECT ADDED ENTRY--TOPICAL TERM
Topical term or geographic name entry element Sustainable architecture
Geographic subdivision Singapore.
650 #7 - SUBJECT ADDED ENTRY--TOPICAL TERM
Topical term or geographic name entry element Sustainable architecture.
Source of heading or term fast
651 #7 - SUBJECT ADDED ENTRY--GEOGRAPHIC NAME
Geographic name Singapore.
Source of heading or term fast
700 1# - ADDED ENTRY--PERSONAL NAME
Personal name Kishnani, Nirmal.
700 1# - ADDED ENTRY--PERSONAL NAME
Personal name Beatley, Timothy.
887 ## - NON-MARC INFORMATION FIELD
Content of non-MARC field {"@id":"t9g67gv2r7rm9d4g","modified":"2023-03-02T12:57:26.966+01:00"}
Source of data librisxl
887 ## - NON-MARC INFORMATION FIELD
Content of non-MARC field {"@id":"r7d46154pv89833s","modified":"2023-03-08T10:27:42.665+01:00"}
Source of data librisxl
942 ## - ADDED ENTRY ELEMENTS (KOHA)
Source of classification or shelving scheme Dewey Decimal Classification
Koha item type English Book
Suppress in OPAC No
Holdings
Withdrawn status Lost status Source of classification or shelving scheme Damaged status Not for loan Home library Current library Date acquired Total Checkouts Full call number Barcode Date last seen Price effective from Koha item type
    Dewey Decimal Classification     CENTRAL TUWAIQ 10/18/2023   720.47 B22 2022 1000000024731 10/18/2023 10/18/2023 English Book